000 00436nam a2200181Ia 4500
008 230711s9999||||xx |||||||||||||| ||und||
020 _a978-0-486-32261-2
041 _aENG
082 _a515.7
_bBA-F
100 _aBachman,George
245 0 _aFunctional analysis
250 _a1st Ed.
260 _c2002
_aNew York
_bDover Publications,Inc
300 _a532p.
650 _aMathematics
700 _aNarici,Lawerence
942 _cBK
999 _c6212
_d6212